LEADER 02673oam 22006134a 450 001 9910465953203321 005 20211004152539.0 010 $a1-5261-4361-5 010 $a1-78170-284-5 010 $a1-84779-460-2 035 $a(CKB)2560000000085713 035 $a(EBL)1069710 035 $a(OCoLC)818847514 035 $a(SSID)ssj0000747097 035 $a(PQKBManifestationID)12288848 035 $a(PQKBTitleCode)TC0000747097 035 $a(PQKBWorkID)10717339 035 $a(PQKB)10337151 035 $a(StDuBDS)EDZ0000086892 035 $a(MiAaPQ)EBC1069710 035 $a(MiAaPQ)EBC1997161 035 $a(Au-PeEL)EBL1069710 035 $a(CaPaEBR)ebr10627263 035 $a(CaONFJC)MIL843546 035 $a(Au-PeEL)EBL1997161 035 $a(OCoLC)932347051 035 $a(OCoLC)1240721059 035 $a(MdBmJHUP)musev2_78403 035 $a(EXLCZ)992560000000085713 100 $a20191022e20192011 uy 0 101 0 $aeng 135 $aurcn||||||||| 181 $ctxt 182 $cc 183 $acr 200 10$aPaving the Empire Road$eBBC television and black Britons /$fby Darrell M. Newton 210 1$aManchester :$cManchester University Press,$d2019. 210 4$dİ2019. 215 $a1 online resource (289 p.) 300 $aDescription based upon print version of record. 311 $a0-7190-8167-X 320 $aIncludes bibliographical references and index. 327 $aCopyright; Contents; Illustrations; Acknowledgements; Abbreviations; Introduction; 1. Radio, race, and the Television Service; 2. Television programming and social impact; 3. Voices of contention and BBC programming; 4. A Black eye; 5. Contemporary voices from within; Appendix; Selected bibliography; Index 330 $aBeginning in the 1930's and moving into the post millennium, Newton provides a historical analysis of policies invoked, and practices undertaken as the Service attempted to assist white Britons in understanding the impact of African-Caribbeans, and their assimilation into constructs of Britishness. Management soon approved talks and scientific studies as a means of examining racial tensions, as ITV challenged the discourses of British broadcasting. Soon, BBC2 began broadcasting; and more issues of race appeared on the screens, each reflecting sometimes comedic, somewhat dystopic, often problema 608 $aElectronic books. 676 $a302.23450941 676 $a791.45089960729 700 $aNewton$b Darrell M.$01045713 801 0$bMdBmJHUP 801 1$bMdBmJHUP 906 $aBOOK 912 $a9910465953203321 996 $aPaving the empire road$92472157 997 $aUNINA LEADER 01244nam 2200397 450 001 9910815015903321 005 20200123121943.0 010 $a2-8080-0339-0 035 $a(CKB)3790000000535711 035 $a(Au-PeEL)EBL5151845 035 $a(CaPaEBR)ebr11471702 035 $a(OCoLC)1013822059 035 $a(MiAaPQ)EBC5151845 035 $a(EXLCZ)993790000000535711 100 $a20200123d2017 uy 0 101 0 $aspa 135 $aurcnu|||||||| 181 $ctxt$2rdacontent 182 $cc$2rdamedia 183 $acr$2rdacarrier 200 10$aAprende a identificar el acoso moral $elas claves para detectarlo y combatirlo en el trabajo /$fpor Benjamin Fleron ; traducido por Laura Soler Pinson 210 1$a[Place of publication not identified] :$c50Minutos.es,$d[2017] 210 4$dİ2017 215 $a1 online resource (25 pages) 606 $aDiscrimination in employment 615 0$aDiscrimination in employment. 676 $a331.133 700 $aFleron$b Benjamin$0858426 702 $aSoler Pinson$b Laura 801 0$bMiAaPQ 801 1$bMiAaPQ 801 2$bMiAaPQ 906 $aBOOK 912 $a9910815015903321 996 $aAprende a identificar el acoso moral$93961595 997 $aUNINA